McCook, Brian Joseph, 1973-. The borders of integration. - Athens, Ohio

Titel: McCook, Brian Joseph, 1973-. The borders of integration. - Athens, Ohio : Ohio Univ. Press. - 2011 [Rezension]
Verfasser:
In: Nations and nationalism, Band 20, Heft 2 (2014), Seite 383-384
alle Artikel anzeigen
Veröffentlicht: 2014
Format: Aufsatz
Sprache: Englisch
Schlagworte:
Kein Bild verfügbar
X
alg: 39514319
001A    $01999:12-11-16 
001B    $01999:10-07-24 $t22:32:32.000 
001D    $01999:12-11-16 
001U    $0utf8 
001X    $00 
002@    $0Oox 
003@    $0395143195 
007A    $0395143195 $aHEB 
007T    $0Herdc0108722m 
009Q    $uhttp://onlinelibrary.wiley.com/doi/10.1111/nana.12065%5F5 $xVolltext 
010@    $aeng 
011@    $a2014 
013D    $#Newspapers Sections, columns, etc. Reviews $#Book reviewing $#Journaux Cahiers, chroniques, etc. Comptes rendus $#Livres Recension $#Rezension $#Buchbesprechung $#Buchrezension $#Buchkritik $74049712-4 $8Rezension [Ts1] $9085138568 
021A    $aMcCook, Brian Joseph, 1973-. The @borders of integration. - Athens, Ohio $dOhio Univ. Press. -  2011 [Rezension] 
028A    $aThaler $dPeter 
031A    $d20 $e2 $h383-384 $j2014 
039B    $aIn $8--Obvc--. Nations and nationalism. - Oxford : Wiley-Blackwell, 1995-. - Online-Ressource. - ISSN 1469-8129. - DOI 10.1111/(ISSN)1469-8129 $x201400000200002617 $9084522844 
039T    $8--Aau--McCook, Brian Joseph$Z1973- [Tp3]. The @borders of integration. - Athens, Ohio : Ohio Univ. Press, 2011. - XVIII, 270 S.. - Ill., Kt.. - ISBN 978-0-8214-1925-0 $9263819590 
045F    $a900.9438 $eDDC23BSB 
045F/01 $a900 
045F/03 $g438 

lok: 39514319 78

exp: 39514319 78 1 #EPN
201B/01 $018-11-16 $t13:52:32.000 
201U/01 $0utf8 
203@/01 $0791441903 
208@/01 $a12-11-16 $be 
209A/01 $a/ $f000 $x00 
220C/01 $aTitelaufnehmer: pg 
220C/01 $aHerkunft: HI Marburg 
244Z/01 $2Trx $#Poola $#Lenkija $#Polija $#Polen Land $#Poland $#Lengyelország $#Poľsko $#Polsko $8--Trx--Polska$gkraj $x01 $9391345966 
244Z/01 $2Trx $#arvustused $#recenzijos $#Reviews $#recenziók $#recenzje $#recenzie $#recenze $8--Trx--Rezensionen $x02 $9391357441 
244Z/01 $2Trx $8--Trx--elektronische Ressource $x03 $939138452X 
247C/01 $82080>Marburg/Lahn, Herder-Institut, Forschungsbibliothek, Bibliographieportal $9336309341
LEADER 00000caa a22000002c 4500
001 395143195
003 DE-603
005 20240710223232.0
007 cr||||||||||||
008 161112s2014 xx |||| o| u00||u|eng c
035 |a (DE-599)HEB395143195 
040 |a DE-603  |b ger  |c DE-603  |d DE-603 
041 |a eng 
082 0 4 |8 1\u  |a 900.9438  |q DE-101  |2 23/BSB 
085 |8 1\u  |b 900 
085 |8 1\u  |z 2  |s 438 
100 1 |a Thaler, Peter 
245 0 0 |a ˜McCook, Brian Joseph, 1973-. Theœ borders of integration. - Athens, Ohio  |b Ohio Univ. Press. - 2011 [Rezension] 
264 0 |c 2014 
655 7 |a Rezension  |2 gnd-content  |0 (DE-588)4049712-4  |0 (DE-603)085138568 
773 0 8 |i In  |t Nations and nationalism  |d Oxford : Wiley-Blackwell, 1995-  |h Online-Ressource  |o 10.1111/(ISSN)1469-8129  |x 1469-8129  |g Band 20, Heft 2 (2014), Seite 383-384  |w (DE-603)084522844  |w (DE-600)1500007-2 
787 0 8 |i Rezension von  |a McCook, Brian Joseph, 1973-  |t ˜Theœ borders of integration  |d Athens, Ohio : Ohio Univ. Press, 2011  |h XVIII, 270 S., Ill., Kt.  |z 0821419250  |z 9780821419250  |z 9780821419267  |w (DE-603)263819590 
856 |u http://onlinelibrary.wiley.com/doi/10.1111/nana.12065%5F5 
924 1 |9 2080  |a (DE-603)791441903  |b DE-2080  |c HES  |d d  |g /